[Event "4. Continental de Ajedrez de Cali"]
[Site "Santiago de Cali COL"]
[Date "2007.07.17"]
[Round "8.42"]
[White "Juarez Flores, Gustavo E"]
[Black "Chaucanes, Lina Marcela"]
[Result "1/2-1/2"]
[WhiteElo "2204"]
[BlackElo "1991"]
[PlyCount "115"]
[EventDate "2007.07.11"]
[EventType "swiss"]
[EventRounds "1"]
[EventCountry "COL"]
[Source "lmi"]
[SourceDate "2007.07.11"]

1. e4 c5 2. Nf3 e6 3. d4 cxd4 4. Nxd4 Nf6 5. Bd3 Nc6 6. Nxc6 bxc6 7. O-O d6 8.
b3 Be7 9. Bb2 O-O 10. Nd2 e5 11. Kh1 Be6 12. f4 exf4 13. Rxf4 Nd7 14. Qh5 Ne5
15. Bxe5 dxe5 16. Rff1 f6 17. Qe2 Bb4 18. Bc4 Qe7 19. Bxe6+ Qxe6 20. Nc4 Rfd8
21. Rad1 Rd4 22. Rd3 Rad8 23. Rh3 Bd2 24. Rd1 Qd7 25. Qh5 Bh6 26. Rhd3 c5 27.
Qf3 Bf4 28. g3 Bh6 29. Nb2 Qc6 30. c3 Rxd3 31. Rxd3 Rxd3 32. Qxd3 f5 33. Qc4+
Kf8 34. Nd3 Qxe4+ 35. Qxe4 fxe4 36. Nxc5 e3 37. Kg2 e2 38. Nd3 e4 39. Ne1 Be3
40. b4 Bd2 41. Kf2 Bxc3 42. b5 Bxe1+ 43. Kxe1 Ke7 44. Kxe2 Kd6 45. Ke3 Kc5 46.
Kxe4 Kxb5 47. Ke5 a5 48. Ke6 Ka4 49. Kf7 g5 50. h4 gxh4 51. gxh4 Ka3 52. h5
Kxa2 53. h6 a4 54. Kg7 a3 55. Kxh7 Kb3 56. Kg8 a2 57. h7 a1=Q 58. h8=Q 1/2-1/2

[Event "4. Continental de Ajedrez de Cali"]
[Site "Santiago de Cali COL"]
[Date "2007.07.17"]
[Round "8.43"]
[White "Barros, Raul"]
[Black "Mateus, Alejandro"]
[Result "1/2-1/2"]
[WhiteElo "2056"]
[BlackElo "2194"]
[PlyCount "86"]
[EventDate "2007.07.11"]
[EventType "swiss"]
[EventRounds "1"]
[EventCountry "COL"]
[Source "lmi"]
[SourceDate "2007.07.11"]

1. Nf3 d5 2. d4 c5 3. e3 cxd4 4. exd4 Nc6 5. c3 Bf5 6. Bf4 Nf6 7. Nbd2 e6 8.
Qb3 Qc8 9. Be2 h6 10. h3 Be7 11. Rc1 O-O 12. O-O a6 13. a4 Qd7 14. Ne5 Nxe5 15.
Bxe5 Ne4 16. Nxe4 Bxe4 17. Qd1 Bg5 18. Ra1 Rac8 19. Bd3 Bxd3 20. Qxd3 Rc4 21.
Qg3 f5 22. f4 Bf6 23. Bxf6 Rxf6 24. a5 Qb5 25. b4 Qc6 26. Rf3 Rf8 27. Qe1 Rc8
28. Ra3 Qd7 29. Qe3 R8c6 30. Rg3 Kh7 31. Qe2 Qf7 32. Kh2 g6 33. Qe3 Rc8 34. Qe1
Qf6 35. Re3 R4c6 36. h4 Rg8 37. Rh3 Kg7 38. Qe3 Kf7 39. Ra2 Rg7 40. Rc2 Rg8 41.
Qd2 Rc4 42. Qe3 Rc6 43. Qd2 Rc4 1/2-1/2

[Event "4. Continental de Ajedrez de Cali"]
[Site "Santiago de Cali COL"]
[Date "2007.07.17"]
[Round "8.44"]
[White "Paez, David"]
[Black "Saladen, Rafael"]
[Result "1/2-1/2"]
[WhiteElo "2048"]
[BlackElo "2190"]
[PlyCount "100"]
[EventDate "2007.07.11"]
[EventType "swiss"]
[EventRounds "1"]
[EventCountry "COL"]
[Source "lmi"]
[SourceDate "2007.07.11"]

1. e4 c5 2. Nf3 d6 3. d4 cxd4 4. Nxd4 Nf6 5. Nc3 Nc6 6. f3 a6 7. Be3 d5 8. exd5
Nb4 9. Bc4 Nbxd5 10. Nxd5 Nxd5 11. Bxd5 Qxd5 12. Nb3 Be6 13. Qxd5 Bxd5 14.
O-O-O e6 15. Rhe1 Bb4 16. c3 Bxb3 17. axb3 Rc8 18. Rd3 Be7 19. Red1 Rd8 20. Kc2
Rxd3 21. Rxd3 h5 22. b4 g5 23. Kb3 f5 24. c4 f4 25. Bd4 Rf8 26. c5 Kf7 27. Kc4
Kg6 28. b5 axb5+ 29. Kxb5 Rd8 30. Kc4 Kf5 31. b4 e5 32. Bf2 e4 33. Rd5+ Rxd5
34. Kxd5 exf3 35. gxf3 g4 36. fxg4+ hxg4 37. b5 Bf6 38. c6 bxc6+ 39. bxc6 Be5
40. Bg1 f3 41. Bc5 Bc7 42. Bg1 Kf6 43. Ke4 Bxh2 44. Bxh2 f2 45. c7 f1=Q 46.
Be5+ Kg6 47. c8=Q Qe2+ 48. Kd5 Qf3+ 49. Kc4 Qe2+ 50. Kd5 Qd3+ 1/2-1/2

[Event "4. Continental de Ajedrez de Cali"]
[Site "Santiago de Cali COL"]
[Date "2007.07.17"]
[Round "8.45"]
[White "Juarez Flores, Roberto Alfonso"]
[Black "Rosales, Daniel"]
[Result "0-1"]
[WhiteElo "2177"]
[BlackElo "1989"]
[PlyCount "55"]
[EventDate "2007.07.11"]
[EventType "swiss"]
[EventRounds "1"]
[EventCountry "COL"]
[Source "lmi"]
[SourceDate "2007.07.11"]

1. d4 d5 2. c4 e6 3. Nc3 Nf6 4. Bg5 Be7 5. e3 h6 6. Bh4 O-O 7. Nf3 b6 8. cxd5
exd5 9. Bd3 Nbd7 10. Rc1 Bb7 11. O-O c5 12. Re1 Ne4 13. Bxe7 Qxe7 14. Nd2 Ndf6
15. Bxe4 dxe4 16. dxc5 Rfd8 17. Qe2 Rd3 18. Nf1 Ba6 19. cxb6 axb6 20. Qc2 Qd6
21. Ne2 Rd5 22. Qc6 Qxc6 23. Rxc6 Bxe2 24. Rxe2 Rxa2 25. Rc1 Rb5 26. Rb1 Nd5
27. Rc2 Nb4 28. Nd2 0-1

[Event "4. Continental de Ajedrez de Cali"]
[Site "Santiago de Cali COL"]
[Date "2007.07.17"]
[Round "8.46"]
[White "Cardona, Fabio"]
[Black "Villa, Olivia Rosalba"]
[Result "1-0"]
[WhiteElo "2152"]
[BlackElo "1968"]
[PlyCount "125"]
[EventDate "2007.07.11"]
[EventType "swiss"]
[EventRounds "1"]
[EventCountry "COL"]
[Source "lmi"]
[SourceDate "2007.07.11"]

1. e4 Nf6 2. Nc3 d5 3. e5 d4 4. exf6 dxc3 5. fxg7 cxd2+ 6. Qxd2 Qxd2+ 7. Bxd2
Bxg7 8. O-O-O Bg4 9. Be2 Bxe2 10. Nxe2 Nc6 11. Bc3 Bh6+ 12. Kb1 Rg8 13. g3 e6
14. b3 Bg5 15. Bb2 a5 16. Nc3 Be7 17. Nb5 Rc8 18. Rd2 Rg5 19. c4 Bb4 20. Re2
Ne7 21. Rd1 Rh5 22. a3 Bc5 23. Red2 Bb6 24. f4 Nc6 25. Bf6 Rf5 26. Bg5 Kf8 27.
g4 Rxg5 28. fxg5 Be3 29. Re2 Bxg5 30. Kc2 Ke7 31. Nd4 Nxd4+ 32. Rxd4 h5 33. h3
hxg4 34. hxg4 f6 35. Rde4 e5 36. Rh2 Kf7 37. Rh7+ Kg6 38. Rh2 Bf4 39. Rg2 Rh8
40. Re1 Kg5 41. Rd1 Rh7 42. b4 axb4 43. axb4 Be3 44. Rf1 Bf4 45. Ra1 Be3 46.
Rf1 Bf4 47. Ra1 Rd7 48. Rh1 b6 49. Rh5+ Kg6 50. Rh8 Rd4 51. Kc3 c5 52. bxc5
bxc5 53. Rg8+ Kf7 54. Rc8 e4 55. Rxc5 Rd3+ 56. Kc2 Ke6 57. Re2 Be3 58. Rd5 Rd4
59. Rxd4 Bxd4 60. Rxe4+ Be5 61. Kd3 Kd6 62. Re1 Kc5 63. g5 1-0

[Event "4. Continental de Ajedrez de Cali"]
[Site "Santiago de Cali COL"]
[Date "2007.07.17"]
[Round "8.47"]
[White "Navia, Edwin Adrian"]
[Black "Gonzalez, Juan Manuel"]
[Result "0-1"]
[WhiteElo "2019"]
[BlackElo "2115"]
[PlyCount "50"]
[EventDate "2007.07.11"]
[EventType "swiss"]
[EventRounds "1"]
[EventCountry "COL"]
[Source "lmi"]
[SourceDate "2007.07.11"]

1. e4 c6 2. d4 d5 3. Nc3 dxe4 4. Nxe4 Nd7 5. Bc4 Ngf6 6. Ng5 e6 7. Qe2 Nb6 8.
Bd3 Be7 9. N1f3 h6 10. Ne4 Nxe4 11. Qxe4 c5 12. dxc5 Nd7 13. Be3 Bxc5 14. Bxc5
Nxc5 15. Bb5+ Bd7 16. Bxd7+ Qxd7 17. Qe5 Qb5 18. O-O-O O-O 19. g4 Rac8 20. Kb1
Qc6 21. Nd4 Qe4 22. Qg3 Rfd8 23. f3 Qe3 24. Nb5 Na4 25. f4 Qe2 0-1

[Event "4. Continental de Ajedrez de Cali"]
[Site "Santiago de Cali COL"]
[Date "2007.07.17"]
[Round "8.48"]
[White "Rios, Cristian Camilo"]
[Black "Sierra, Julian Andres"]
[Result "1-0"]
[WhiteElo "2013"]
[BlackElo "2070"]
[PlyCount "61"]
[EventDate "2007.07.11"]
[EventType "swiss"]
[EventRounds "1"]
[EventCountry "COL"]
[Source "lmi"]
[SourceDate "2007.07.11"]

1. e4 e5 2. Nf3 Nc6 3. Bc4 Bc5 4. b4 Bxb4 5. c3 Be7 6. Qb3 Nh6 7. d4 Na5 8. Qb5
Nxc4 9. Bxh6 gxh6 10. Qxc4 exd4 11. cxd4 d6 12. Nbd2 Rg8 13. g3 c6 14. Rb1 Qc7
15. d5 Bd7 16. O-O c5 17. Rfe1 Rg4 18. Qc3 f6 19. Nc4 O-O-O 20. Qa3 Kb8 21. Na5
b6 22. Nd4 Re8 23. Nac6+ Bxc6 24. Nxc6+ Ka8 25. Qf3 Rg7 26. Re3 Kb7 27. Ra3 a6
28. Qd3 Ra8 29. Rab3 b5 30. a4 b4 31. Nxb4 1-0

[Event "4. Continental de Ajedrez de Cali"]
[Site "Santiago de Cali COL"]
[Date "2007.07.17"]
[Round "8.50"]
[White "Salazar, Jeyksson"]
[Black "Guerrero, Hernando"]
[Result "1-0"]
[WhiteElo "2286"]
[BlackElo "2041"]
[PlyCount "57"]
[EventDate "2007.07.11"]
[EventType "swiss"]
[EventRounds "1"]
[EventCountry "COL"]
[Source "lmi"]
[SourceDate "2007.07.11"]

1. e4 e6 2. d4 d5 3. Nd2 c5 4. exd5 exd5 5. Ngf3 Nf6 6. c3 Bd6 7. Bd3 O-O 8.
O-O Nc6 9. dxc5 Bxc5 10. Nb3 Bb6 11. h3 h6 12. Re1 Re8 13. Bf4 Bc7 14. Rxe8+
Nxe8 15. Qd2 Bxf4 16. Qxf4 Qf6 17. Re1 Bd7 18. Qg3 Bf5 19. Bxf5 Qxf5 20. Nfd4
Nxd4 21. Nxd4 Qd7 22. Re5 g6 23. Qe3 Kg7 24. Re7 Qc8 25. Ne6+ Kg8 26. Qxh6 Qxe6
27. Rxe6 fxe6 28. Qxg6+ Ng7 29. h4 1-0

[Event "4. Continental de Ajedrez de Cali"]
[Site "Santiago de Cali COL"]
[Date "2007.07.17"]
[Round "8.51"]
[White "Montaño, Henry"]
[Black "Montenegro, Rolando"]
[Result "0-1"]
[WhiteElo "2108"]
[BlackElo "2227"]
[PlyCount "36"]
[EventDate "2007.07.11"]
[EventType "swiss"]
[EventRounds "1"]
[EventCountry "COL"]
[Source "lmi"]
[SourceDate "2007.07.11"]

1. e4 d5 2. exd5 Nf6 3. d4 Bg4 4. Nf3 Qxd5 5. Be2 Nc6 6. c4 Qf5 7. h3 Bxf3 8.
Bxf3 O-O-O 9. Be3 Nb4 10. Na3 e5 11. d5 Nd3+ 12. Ke2 e4 13. Bxe4 Nf4+ 14. Bxf4
Qxe4+ 15. Be3 Bxa3 16. Qa4 Bc5 17. b4 Bxe3 18. fxe3 Qxg2+ 0-1

[Event "4. Continental de Ajedrez de Cali"]
[Site "Santiago de Cali COL"]
[Date "2007.07.17"]
[Round "8.52"]
[White "Franco, Angela"]
[Black "Narvaez, Zamir"]
[Result "1-0"]
[WhiteElo "2143"]
[BlackElo "2062"]
[PlyCount "43"]
[EventDate "2007.07.11"]
[EventType "swiss"]
[EventRounds "1"]
[EventCountry "COL"]
[Source "lmi"]
[SourceDate "2007.07.11"]

1. e4 c5 2. Nf3 Nc6 3. d4 cxd4 4. Nxd4 Nf6 5. Nc3 e5 6. Nf3 Bb4 7. Bc4 O-O 8.
Bg5 Qa5 9. Bxf6 Bxc3+ 10. bxc3 Qxc3+ 11. Nd2 gxf6 12. Rb1 d6 13. Rb3 Qa5 14.
Rg3+ Kh8 15. Qh5 Qd8 16. Qh6 Rg8 17. Bxf7 Rg5 18. Nf3 Rg4 19. Nh4 Nd4 20. Rxg4
Qa5+ 21. Kd1 Bxg4+ 22. f3 1-0

[Event "4. Continental de Ajedrez de Cali"]
[Site "Santiago de Cali COL"]
[Date "2007.07.17"]
[Round "8.53"]
[White "Orozco, Lina"]
[Black "Sanchez M, Luis Enrique"]
[Result "1/2-1/2"]
[WhiteElo "1969"]
[BlackElo "2143"]
[PlyCount "98"]
[EventDate "2007.07.11"]
[EventType "swiss"]
[EventRounds "1"]
[EventCountry "COL"]
[Source "lmi"]
[SourceDate "2007.07.11"]

1. e4 e5 2. Nf3 Nc6 3. Bc4 Bc5 4. c3 Nf6 5. Qe2 O-O 6. Bb3 d5 7. d3 Bg4 8. Nbd2
d4 9. h3 Bh5 10. g4 Bg6 11. Nf1 a5 12. a4 Qd6 13. Ng3 Rad8 14. Bc2 Bb6 15. Nh4
dxc3 16. bxc3 Qc5 17. Bb2 Rfe8 18. Nhf5 Bxf5 19. gxf5 Ne7 20. Rg1 Kh8 21. Rg2
Rd7 22. Nh5 Nxh5 23. Qxh5 Ng8 24. Ke2 g6 25. Qf3 Qd6 26. Rag1 Red8 27. h4 Nf6
28. Rg5 c5 29. c4 Bc7 30. fxg6 Qb6 31. gxh7 Nxh7 32. Rh5 Rg8 33. Rxh7+ Kxh7 34.
Qh5+ Qh6 35. Qxh6+ Kxh6 36. Rxg8 Kh7 37. Rg3 Bd6 38. Bd1 f6 39. h5 Bf8 40. Bc1
Rd6 41. Be3 Rb6 42. Kd2 Rb4 43. Kc1 b5 44. h6 bxc4 45. Bg4 Rb6 46. Bf5+ Kh8 47.
h7 Bg7 48. Bh6 Bxh6+ 49. Kc2 Bg5 1/2-1/2

[Event "4. Continental de Ajedrez de Cali"]
[Site "Santiago de Cali COL"]
[Date "2007.07.17"]
[Round "8.54"]
[White "Molina, Rafael"]
[Black "Bermudes, Eduardo"]
[Result "1-0"]
[WhiteElo "2101"]
[BlackElo "2138"]
[PlyCount "77"]
[EventDate "2007.07.11"]
[EventType "swiss"]
[EventRounds "1"]
[EventCountry "COL"]
[Source "lmi"]
[SourceDate "2007.07.11"]

1. e4 Nf6 2. e5 Nd5 3. d4 d6 4. c4 Nb6 5. exd6 exd6 6. Nc3 Be7 7. Bd3 Nc6 8.
Be3 Nb4 9. Be2 Bf5 10. Rc1 O-O 11. a3 Nc6 12. b4 Bg5 13. Nf3 Bxe3 14. fxe3 Re8
15. Qd2 Bg6 16. O-O Qe7 17. c5 dxc5 18. bxc5 Nc8 19. Nd1 a6 20. Bc4 N8a7 21.
Re1 Rad8 22. Qf2 Rf8 23. Qg3 Rde8 24. Nc3 Rc8 25. Nd5 Qd7 26. Nh4 Ne7 27. Nxe7+
Qxe7 28. Nxg6 hxg6 29. Qxg6 b5 30. cxb6 cxb6 31. Qxb6 Rc6 32. Qb3 Rfc8 33. Rf1
Rf6 34. Rxf6 gxf6 35. Re1 Nc6 36. Qd3 a5 37. Qf5 Rd8 38. Bd5 Qd6 39. Qg6+ 1-0

[Event "4. Continental de Ajedrez de Cali"]
[Site "Santiago de Cali COL"]
[Date "2007.07.17"]
[Round "8.55"]
[White "Jukemura, Rodrigo"]
[Black "Valle, Efrain"]
[Result "1-0"]
[WhiteElo "2017"]
[BlackElo "2215"]
[PlyCount "113"]
[EventDate "2007.07.11"]
[EventType "swiss"]
[EventRounds "1"]
[EventCountry "COL"]
[Source "lmi"]
[SourceDate "2007.07.11"]

1. d4 Nc6 2. d5 Ne5 3. e4 d6 4. f4 Ng6 5. Nf3 e5 6. f5 N6e7 7. Bg5 c6 8. Nc3 f6
9. Bd2 cxd5 10. Nxd5 Nxd5 11. exd5 Bxf5 12. Nh4 Qc8 13. Nxf5 Qxf5 14. Bd3 Qd7
15. Qh5+ Qf7 16. Bb5+ Ke7 17. Qh3 Rd8 18. Qc3 Rd7 19. Qc8 Qe8 20. Bxd7 Qxd7 21.
Qxd7+ Kxd7 22. O-O Ne7 23. c4 f5 24. Bg5 g6 25. g4 Rg8 26. Kh1 f4 27. Bxe7 Bxe7
28. Kg2 Rc8 29. Rac1 a5 30. Kf3 Rh8 31. h3 Re8 32. Ke4 Rh8 33. b3 h5 34. Rh1
Rf8 35. Rcf1 Rh8 36. a3 Rc8 37. gxh5 gxh5 38. Rhg1 a4 39. Rb1 axb3 40. Rgc1 b6
41. Rxb3 Kc7 42. Rg1 Kb7 43. Rc3 Kc7 44. Rb3 Kd7 45. Rxb6 Rxc4+ 46. Kf5 Rc7 47.
Rb3 Ra7 48. Rc1 Bd8 49. Rcb1 Bc7 50. Rg1 Bd8 51. Rg2 Be7 52. Rgb2 Ke8 53. Ke6
Bd8 54. Rb7 Rxa3 55. Rh7 Kf8 56. Rb8 Kg8 57. Rd7 1-0

[Event "4. Continental de Ajedrez de Cali"]
[Site "Santiago de Cali COL"]
[Date "2007.07.17"]
[Round "8.56"]
[White "Rua, Nora"]
[Black "Souza Neves, Andrey M"]
[Result "0-1"]
[WhiteElo "1960"]
[BlackElo "2156"]
[PlyCount "74"]
[EventDate "2007.07.11"]
[EventType "swiss"]
[EventRounds "1"]
[EventCountry "COL"]
[Source "lmi"]
[SourceDate "2007.07.11"]

1. d4 f5 2. Nf3 Nf6 3. Bf4 g6 4. c4 Bg7 5. Nc3 O-O 6. e3 d6 7. Bd3 c6 8. Qc2
Qe8 9. d5 Na6 10. a3 Nc5 11. O-O Nxd3 12. Qxd3 Ne4 13. Nd4 Nxc3 14. bxc3 c5 15.
Nf3 h6 16. h4 Bd7 17. Rfe1 Rb8 18. Rab1 b5 19. cxb5 Rxb5 20. Rxb5 Bxb5 21. c4
Ba6 22. Qc2 Qd7 23. Rb1 Rc8 24. Nd2 Rc7 25. g4 Rb7 26. Rxb7 Bxb7 27. Qb1 Bc8
28. gxf5 Qxf5 29. Qxf5 gxf5 30. Nb3 Bc3 31. Nxc5 dxc5 32. d6 e5 33. Bxh6 Bd7
34. e4 f4 35. Bg5 Kf7 36. h5 Bb2 37. h6 Kg6 0-1

[Event "4. Continental de Ajedrez de Cali"]
[Site "Santiago de Cali COL"]
[Date "2007.07.17"]
[Round "8.57"]
[White "Restuccia, Francisco"]
[Black "Rodriguez Montoya, Juan Andres"]
[Result "1-0"]
[WhiteElo "2222"]
[BlackElo "2009"]
[PlyCount "47"]
[EventDate "2007.07.11"]
[EventType "swiss"]
[EventRounds "1"]
[EventCountry "COL"]
[Source "lmi"]
[SourceDate "2007.07.11"]

1. e4 e5 2. d4 exd4 3. Qxd4 Nc6 4. Qe3 Nf6 5. Nc3 g6 6. Bd2 Bg7 7. O-O-O O-O 8.
h4 d6 9. h5 Nxh5 10. Be2 Nf6 11. Qg3 h5 12. Bg5 Nb4 13. e5 Nxa2+ 14. Nxa2 Ne4
15. Bxd8 Nxg3 16. fxg3 Rxd8 17. exd6 cxd6 18. Nf3 Be6 19. Nc3 a5 20. Nb5 Rd7
21. Rxd6 Rxd6 22. Nxd6 Rb8 23. Rd1 Be5 24. Nxe5 1-0

[Event "4. Continental de Ajedrez de Cali"]
[Site "Santiago de Cali COL"]
[Date "2007.07.18"]
[Round "9.2"]
[White "Vescovi, Giovanni P"]
[Black "Leon Hoyos, Manuel"]
[Result "1/2-1/2"]
[WhiteElo "2609"]
[BlackElo "2484"]
[PlyCount "48"]
[EventDate "2007.07.11"]
[EventType "swiss"]
[EventRounds "1"]
[EventCountry "COL"]
[Source "lmi"]
[SourceDate "2007.07.11"]

1. d4 Nf6 2. Nf3 e6 3. Bg5 c5 4. e3 d5 5. Nbd2 Nbd7 6. c3 Bd6 7. Bd3 Qc7 8. O-O
h6 9. Bh4 b6 10. e4 dxe4 11. Nxe4 Nxe4 12. Bxe4 Bb7 13. Bxb7 Qxb7 14. Re1 Nf6
15. dxc5 Bxc5 16. Ne5 Rd8 17. Qe2 O-O 18. Bxf6 gxf6 19. Ng4 Kg7 20. b4 Bd6 21.
Rad1 Qc7 22. Rd3 f5 23. Red1 fxg4 24. Rxd6 Rxd6 1/2-1/2

[Event "4. Continental de Ajedrez de Cali"]
[Site "Santiago de Cali COL"]
[Date "2007.07.18"]
[Round "9.4"]
[White "Lima, Darcy"]
[Black "Kudrin, Sergey"]
[Result "1/2-1/2"]
[WhiteElo "2463"]
[BlackElo "2543"]
[PlyCount "59"]
[EventDate "2007.07.11"]
[EventType "swiss"]
[EventRounds "1"]
[EventCountry "COL"]
[Source "lmi"]
[SourceDate "2007.07.11"]

1. e4 c5 2. c3 d5 3. exd5 Qxd5 4. d4 e6 5. Nf3 Nf6 6. Na3 Qd8 7. Nc2 Be7 8. g3
b6 9. Bg2 Bb7 10. O-O O-O 11. c4 Qc8 12. Qe2 cxd4 13. Ncxd4 Nc6 14. b3 Nxd4 15.
Nxd4 Nd7 16. Bb2 Bf6 17. Rad1 a6 18. Rd2 Rb8 19. Rfd1 Nc5 20. b4 Bxg2 21. Kxg2
Nb7 22. b5 Na5 23. Nc6 Nxc6 24. Bxf6 gxf6 25. Qg4+ Kh8 26. Qf3 Na5 27. Qxf6+
Kg8 28. Qg5+ Kh8 29. Qf6+ Kg8 30. Qg5+ 1/2-1/2

[Event "4. Continental de Ajedrez de Cali"]
[Site "Santiago de Cali COL"]
[Date "2007.07.18"]
[Round "9.6"]
[White "Zambrana, Oswaldo"]
[Black "Iturrizaga, Eduardo"]
[Result "0-1"]
[WhiteElo "2511"]
[BlackElo "2411"]
[PlyCount "124"]
[EventDate "2007.07.11"]
[EventType "swiss"]
[EventRounds "1"]
[EventCountry "COL"]
[Source "lmi"]
[SourceDate "2007.07.11"]

1. e4 c6 2. d4 d5 3. Nd2 g6 4. Ngf3 Bg7 5. h3 dxe4 6. Nxe4 Nd7 7. Bc4 Ngf6 8.
Nxf6+ Nxf6 9. O-O O-O 10. a4 Bf5 11. Re1 c5 12. c3 cxd4 13. Nxd4 Be4 14. Bg5
Bd5 15. Qb3 e6 16. Bxf6 Bxc4 17. Qxc4 Bxf6 18. Red1 Qb6 19. Nb3 Rac8 20. Qb5
Rc6 21. Rab1 Rfc8 22. Na5 a6 23. Qxb6 Rxb6 24. Rd7 Rxc3 25. Nxb7 Rxb2 26. Rxb2
Rc1+ 27. Kh2 Bxb2 28. Nd6 Be5+ 29. g3 Bxd6 30. Rxd6 a5 31. Ra6 Rc5 32. h4 h5
33. Ra7 Kg7 34. Kg2 Kf6 35. Kf3 e5 36. Ke3 Rd5 37. Ra6+ Kf5 38. Ra7 f6 39. Ra8
Rc5 40. Ra7 g5 41. hxg5 fxg5 42. Kf3 h4 43. gxh4 gxh4 44. Kg2 Ke6 45. Ra6+ Kd5
46. Kh3 Kc4 47. Rb6 Kc3 48. f3 Rd5 49. Kxh4 Rd4+ 50. Kg5 Rxa4 51. Kf5 Rf4+ 52.
Kxe5 Rxf3 53. Rc6+ Kb3 54. Kd4 a4 55. Rb6+ Kc2 56. Rc6+ Kb2 57. Rb6+ Rb3 58.
Rh6 Rc3 59. Rb6+ Rb3 60. Rh6 Rc3 61. Rb6+ Kc2 62. Ra6 a3 0-1

[Event "4. Continental de Ajedrez de Cali"]
[Site "Santiago de Cali COL"]
[Date "2007.07.18"]
[Round "9.7"]
[White "Matsuura, Everaldo"]
[Black "Ibarra Chami, Luis Fernando"]
[Result "1/2-1/2"]
[WhiteElo "2505"]
[BlackElo "2386"]
[PlyCount "30"]
[EventDate "2007.07.11"]
[EventType "swiss"]
[EventRounds "1"]
[EventCountry "COL"]
[Source "lmi"]
[SourceDate "2007.07.11"]

1. e4 e6 2. d4 d5 3. Nc3 dxe4 4. Nxe4 Nf6 5. Nxf6+ Qxf6 6. Nf3 h6 7. Bd3 Nc6 8.
O-O Bd6 9. Re1 O-O 10. c3 e5 11. dxe5 Nxe5 12. Nxe5 Bxe5 13. Qc2 Bd7 14. Be4
Rfe8 15. g3 Bc6 1/2-1/2

[Event "4. Continental de Ajedrez de Cali"]
[Site "Santiago de Cali COL"]
[Date "2007.07.18"]
[Round "9.8"]
[White "Cordova, Emilio"]
[Black "Diamant, Andre"]
[Result "1-0"]
[WhiteElo "2492"]
[BlackElo "2394"]
[PlyCount "35"]
[EventDate "2007.07.11"]
[EventType "swiss"]
[EventRounds "1"]
[EventCountry "COL"]
[Source "lmi"]
[SourceDate "2007.07.11"]

1. d4 Nf6 2. Nf3 e6 3. g3 c5 4. Bg2 cxd4 5. O-O Qc7 6. Nxd4 a6 7. Nb3 Be7 8.
Bf4 d6 9. c4 Nbd7 10. Nc3 Ne5 11. Rc1 Rb8 12. c5 dxc5 13. Nxc5 Bxc5 14. Na4 b6
15. b4 Nh5 16. Nxc5 Nxf4 17. Nxe6 Qd7 18. Nc7+ 1-0

[Event "4. Continental de Ajedrez de Cali"]
[Site "Santiago de Cali COL"]
[Date "2007.07.18"]
[Round "9.9"]
[White "Prasca, Raphael"]
[Black "Cori, Jorge"]
[Result "1/2-1/2"]
[WhiteElo "2426"]
[BlackElo "2267"]
[PlyCount "48"]
[EventDate "2007.07.11"]
[EventType "swiss"]
[EventRounds "1"]
[EventCountry "COL"]
[Source "lmi"]
[SourceDate "2007.07.11"]

1. e4 e6 2. d4 d5 3. Nc3 Bb4 4. a3 Bxc3+ 5. bxc3 Ne7 6. Bd3 c5 7. exd5 exd5 8.
dxc5 Qa5 9. Bd2 Qxc5 10. Qh5 Qd6 11. Ne2 Nbc6 12. O-O Qe5 13. Qh4 Bf5 14. Nd4
Bxd3 15. cxd3 O-O 16. Bf4 Ng6 17. Bxe5 Nxh4 18. Nxc6 bxc6 19. Rab1 Ng6 20. f4
Nxe5 21. fxe5 Rab8 22. d4 a5 23. Rfc1 g6 24. Kf2 Rfe8 1/2-1/2

[Event "4. Continental de Ajedrez de Cali"]
[Site "Santiago de Cali COL"]
[Date "2007.07.18"]
[Round "9.11"]
[White "Aranha Filho, Alvaro Z"]
[Black "Spraggett, Kevin"]
[Result "0-1"]
[WhiteElo "2279"]
[BlackElo "2585"]
[PlyCount "78"]
[EventDate "2007.07.11"]
[EventType "swiss"]
[EventRounds "1"]
[EventCountry "COL"]
[Source "lmi"]
[SourceDate "2007.07.11"]

1. d4 Nf6 2. c4 e6 3. Nf3 b6 4. g3 Bb4+ 5. Nbd2 Bb7 6. Bg2 O-O 7. O-O d5 8. Ne5
Be7 9. cxd5 exd5 10. Ndf3 c5 11. b3 a5 12. a4 Na6 13. Bb2 Rc8 14. Rc1 Nb4 15.
Nh4 g6 16. dxc5 bxc5 17. Qd2 Rc7 18. Nd3 d4 19. Nxb4 axb4 20. Bxb7 Rxb7 21. Nf3
Ne4 22. Qd3 Nc3 23. e3 Bf6 24. exd4 cxd4 25. Nd2 Re8 26. Rce1 Rbe7 27. Nf3 Ne2+
28. Kg2 Qd5 29. Rd1 g5 30. Qb5 Qe4 31. Qd3 Qa8 32. Qf5 Re5 33. Qg4 h5 34. Qxh5
g4 35. Qxg4+ Rg5 36. Rxd4 Nxd4 37. Qf4 Nxf3 38. Bxf6 Ne1+ 39. Kh3 Qg2+ 0-1

[Event "4. Continental de Ajedrez de Cali"]
[Site "Santiago de Cali COL"]
[Date "2007.07.18"]
[Round "9.12"]
[White "Rodriguez Vila, Andres"]
[Black "Uribe, Mauricio"]
[Result "1-0"]
[WhiteElo "2547"]
[BlackElo "2354"]
[PlyCount "67"]
[EventDate "2007.07.11"]
[EventType "swiss"]
[EventRounds "1"]
[EventCountry "COL"]
[Source "lmi"]
[SourceDate "2007.07.11"]

1. d4 e6 2. e4 d5 3. e5 c5 4. c3 Nc6 5. Nf3 Qb6 6. a3 Nh6 7. b4 cxd4 8. Bxh6
gxh6 9. cxd4 Bd7 10. Be2 Rc8 11. O-O Bg7 12. Qd3 O-O 13. Nbd2 f6 14. exf6 Rxf6
15. Rad1 Rf4 16. Nb3 Be8 17. Qd2 Rf6 18. Nc5 a6 19. Qe3 Ne7 20. Ne5 Rd8 21. Qh3
Nf5 22. Bh5 Rf8 23. Rfe1 Rd6 24. Bxe8 Rxe8 25. Qh5 Rc8 26. g4 Bxe5 27. dxe5 Ng7
28. Qxh6 Rdc6 29. Nd7 Qa7 30. Rd3 Rc3 31. Nf6+ Kf7 32. Nxh7 Rxd3 33. Ng5+ Ke8
34. Qxg7 1-0

[Event "4. Continental de Ajedrez de Cali"]
[Site "Santiago de Cali COL"]
[Date "2007.07.18"]
[Round "9.13"]
[White "Peralta, Fernando"]
[Black "Ripari, Marcelo"]
[Result "1-0"]
[WhiteElo "2546"]
[BlackElo "2350"]
[PlyCount "81"]
[EventDate "2007.07.11"]
[EventType "swiss"]
[EventRounds "1"]
[EventCountry "COL"]
[Source "lmi"]
[SourceDate "2007.07.11"]

1. Nf3 Nf6 2. c4 g6 3. Nc3 d5 4. cxd5 Nxd5 5. h4 Nxc3 6. bxc3 h5 7. g3 Bg7 8.
Bg2 O-O 9. Ba3 Nd7 10. O-O Nb6 11. Ng5 Nc4 12. Bc1 c5 13. Rb1 Qc7 14. Qc2 Nd6
15. c4 Nf5 16. d3 Rb8 17. Bf4 e5 18. Bd2 f6 19. Ne4 Kh8 20. Nc3 b6 21. e3 Bb7
22. Bxb7 Rxb7 23. Nd5 Qc8 24. Kh2 Ne7 25. d4 Nxd5 26. cxd5 exd4 27. exd4 cxd4
28. Qxg6 Qg4 29. Qd3 f5 30. Bf4 Rd7 31. d6 Qg6 32. Rfe1 Rxd6 33. Bxd6 Qxd6 34.
Rb5 Qd7 35. f4 Qf7 36. Re2 Kh7 37. Qb3 Qg6 38. Qf3 Qf7 39. Qd5 Qxd5 40. Rxd5
Rf7 41. Rc2 1-0